Guide to grants for business : grants and other assistance for business. (Record no. 101190)
[ view plain ]
| 000 -LEADER | |
|---|---|
| fixed length control field | 00446cam a2200145 4500 |
| 008 - FIXED-LENGTH DATA ELEMENTS--GENERAL INFORMATION | |
| fixed length control field | 000000n1998 000 0 eng u |
| 020 ## - INTERNATIONAL STANDARD BOOK NUMBER | |
| International Standard Book Number | 0952076160 |
| 035 ## - SYSTEM CONTROL NUMBER | |
| System control number | (Sirsi) u111062 |
| 100 ## - MAIN ENTRY--PERSONAL NAME | |
| Personal name | Martin, Michael |
| 245 ## - TITLE STATEMENT | |
| Title | Guide to grants for business : grants and other assistance for business. |
| 260 ## - PUBLICATION, DISTRIBUTION, ETC. | |
| Place of publication, distribution, etc. | Swindon |
| Name of publisher, distributor, etc. | Associated Management Services |
| Date of publication, distribution, etc. | 1998 |
| 350 ## - PRICE (NR) (BK AM CF MU VM SE) [OBSOLETE] | |
| Price | 35.00 |
| 520 ## - SUMMARY, ETC. | |
| Summary, etc. | OUT OF PRINT - PLEASE DO NOT RESERVE |
| 942 ## - ADDED ENTRY ELEMENTS (KOHA) | |
| Suppress in OPAC | 0 |
No items available.